[Event "Nettetal Chessgate op"]
[Site "Nettetal"]
[Date "2004.08.13"]
[Round "7"]
[White "Schmalohr, Heinz"]
[Black "Thieme, Wolfgang"]
[Result "0-1"]
[WhiteElo "1788"]
[BlackElo "1617"]
[PlyCount "50"]
[EventDate "2004.08.07"]
[EventType "swiss"]
[EventRounds "9"]
[EventCountry "GER"]
[SourceTitle "EXT 2006"]
[Source "ChessBase"]
[SourceDate "2005.11.24"]
[SourceVersion "1"]
[SourceVersionDate "2005.11.24"]
[SourceQuality "1"]

1. d4 c5 2. d5 Nf6 3. c4 e6 4. Nc3 exd5 5. cxd5 d6 6. Nf3 g6 7. e4 Bg7 8. Be2 Bg4 9. 0-0 0-0 10. Bg5 Re8 11. Nd2 Bxe2 12. Qxe2 a6 13. a4 Qc7 14. f3 Nbd7 15. Nc4 Nb6 16. Rfe1 Nfxd5 17. Nxd5 Nxd5 18. Qd2 Bd4+ 19. Kf1 Nb6 20. Qa5 d5 21. Qxb6 Qxh2 22. Ne3 dxe4 23. Qxb7 h6 24. Kf2 hxg5 25. Re2 g4 0-1

[Event "Nettetal Chessgate op"]
[Site "Nettetal"]
[Date "2004.08.11"]
[Round "5"]
[White "Backes, Juergen"]
[Black "Schmalohr, Heinz"]
[Result "0-1"]
[WhiteElo "1315"]
[BlackElo "1788"]
[PlyCount "115"]
[EventDate "2004.08.07"]
[EventType "swiss"]
[EventRounds "9"]
[EventCountry "GER"]
[SourceTitle "EXT 2006"]
[Source "ChessBase"]
[SourceDate "2005.11.24"]
[SourceVersion "1"]
[SourceVersionDate "2005.11.24"]
[SourceQuality "1"]

1. d4 d5 2. c4 e6 3. Nc3 Nf6 4. Bg5 Be7 5. Nf3 0-0 6. cxd5 exd5 7. e3 c6 8. Bd3 Re8 9. Qc2 Nbd7 10. Ne5 h6 11. Bf4 Bd6 12. Nxf7 Kxf7 13. Bxd6 Kg8 14. Bg6 Re6 15. Ba3 Nf8 16. Bxf8 Qxf8 17. 0-0-0 Ne8 18. Rhf1 Nd6 19. Ne2 Rf6 20. Ng3 Nc4 21. Bd3 Nd6 22. Rde1 Bd7 23. Nh5 Re6 24. Nf4 Rf6 25. Bh7+ Kf7 26. Ng6 Qc8 27. Ne5+ Ke7 28. e4 dxe4 29. Nxd7 Kxd7 30. Bxe4 Nxe4 31. Qxe4 Qf8 32. f3 Rd8 33. Rf2 Kc7 34. Qe7+ Rd7 35. Qxf8 Rxf8 36. Rd2 Rfd8 37. Red1 Re8 38. Kc2 Kd6 39. Kd3 Kd5 40. Rc2 b6 41. b3 Rde7 42. Kc3 Re3+ 43. Rd3 a5 44. Rxe3 Rxe3+ 45. Kd2 Re6 46. Kd3 Re1 47. Rf2 Rd1+ 48. Ke3 Rxd4 49. Rd2 Rxd2 50. Kxd2 Kd4 51. h4 b5 52. a3 c5 53. g4 c4 54. bxc4 Kxc4 55. Kc2 Kd4 56. f4 Ke4 57. f5 Kf4 58. Kc3 0-1

[Event "Nettetal Chessgate op"]
[Site "Nettetal"]
[Date "2004.08.10"]
[Round "4"]
[White "Schmalohr, Heinz"]
[Black "Keuter, Sven"]
[Result "1-0"]
[WhiteElo "1788"]
[BlackElo "1496"]
[PlyCount "69"]
[EventDate "2004.08.07"]
[EventType "swiss"]
[EventRounds "9"]
[EventCountry "GER"]
[SourceTitle "EXT 2006"]
[Source "ChessBase"]
[SourceDate "2005.11.24"]
[SourceVersion "1"]
[SourceVersionDate "2005.11.24"]
[SourceQuality "1"]

1. d4 d5 2. c4 c6 3. Nc3 Nf6 4. Nf3 Bg4 5. Ne5 Bf5 6. Qb3 Qb6 7. Qxb6 axb6 8. cxd5 Nxd5 9. Nxd5 cxd5 10. e3 f6 11. Bb5+ Bd7 12. Nxd7 Nxd7 13. 0-0 e6 14. Bd2 Bd6 15. f3 Ke7 16. a3 e5 17. Bc3 g5 18. Rad1 Rhd8 19. Rf2 Nf8 20. Rfd2 Ke6 21. dxe5 Bc5 22. Kf2 fxe5 23. Bc4 Rd7 24. Rxd5 Rxd5 25. Rxd5 Kf6 26. Rxe5 Kg6 27. Bd3+ Kh6 28. g3 Rc8 29. h4 gxh4 30. gxh4 Bxa3 31. f4 Bd6 32. Rg5 Ng6 33. Be2 Rc5 34. Bd4 Rxg5 35. hxg5# 1-0